| 000 | 00585nam a22001817a 4500 | ||
|---|---|---|---|
| 008 | 161014b xxu||||| |||| 00| 0 eng d | ||
| 020 | _a9715131786 | ||
| 082 |
_22004 _aDFil 375.001 _bC12 |
||
| 100 |
_916173 _aCalderon, Jose F. |
||
| 245 |
_aCurriculum and curriculum development/ _cJose F. Calderon |
||
| 250 | _aFirst edition | ||
| 260 |
_aManila: _bEducational Publishing House, _cc2004. |
||
| 300 |
_av, 359 pages; _c25 cm. |
||
| 500 | _aIncludes bibliographical references and index. | ||
| 650 | 0 |
_916174 _aCurriculum development. |
|
| 365 |
_b315.00 _cPhp. |
||
| 942 |
_2ddc _cDFIL |
||
| 999 |
_c5209 _d5209 |
||